000 00590nam a2200229Ia 4500
005 20230422114742.0
008 230125s9999 xx 000 0 und d
020 _a978-81-315-1821-2
041 _aeng
082 _a330
_bMAN
100 _aMankiw N G
_9106339
245 _aPrinciples of Macroeconomics
250 _a6th Ed.
260 _c2014
_bCengage Learning
_aNew Delhi
300 _a551p
500 _aEconomics;Macroeconomics
650 _aEconomics;Macroeconomics
_9181142
700 _aMankiw N G
_9106339
906 _b138
942 _cBK
999 _c93312
_d93312